| 000 -LEADER |
| fixed length control field |
00333nam a2200145Ia 4500 |
| 008 - FIXED-LENGTH DATA ELEMENTS--GENERAL INFORMATION |
| fixed length control field |
200615s9999||||xx |||||||||||||| ||und|| |
| 020 ## - INTERNATIONAL STANDARD BOOK NUMBER |
| International Standard Book Number |
9788121932325 |
| 082 ## - DEWEY DECIMAL CLASSIFICATION NUMBER |
| Classification number |
621.3 |
| Item number |
POW-G |
| 100 ## - MAIN ENTRY--PERSONAL NAME |
| Personal name |
GUPTA,BR |
| 245 #0 - TITLE STATEMENT |
| Title |
POWER SYSTEM OPERATION AND CONTROLL |
| 250 ## - EDITION STATEMENT |
| Edition statement |
2ND |
| 260 ## - PUBLICATION, DISTRIBUTION, ETC. |
| Name of publisher, distributor, etc. |
S.CHAND |
| Date of publication, distribution, etc. |
2015 |
| 300 ## - PHYSICAL DESCRIPTION |
| Extent |
200 |
| 942 ## - ADDED ENTRY ELEMENTS (KOHA) |
| Koha item type |
Book |